| 000 | 00833cam a2200289 a 4500 | ||
|---|---|---|---|
| 999 |
_c4186 _d4186 |
||
| 001 | 59828 | ||
| 003 | GBCCL | ||
| 005 | 20241126110513.0 | ||
| 008 | 720327s1972 nyu b 001 0beng | ||
| 010 | _a 77095542 //r903 | ||
| 020 | _a0393099792 (pbk.) | ||
| 020 | _a039304338X | ||
| 035 | _a(OCoLC)00281972 | ||
| 040 |
_aDLC _cDLC _dLBB |
||
| 049 | _aLBBK | ||
| 050 | 0 | 0 |
_aBS2505.A3 _bM43 |
| 082 | 0 | 0 |
_a227.066 _bWRI |
| 090 |
_aBS2505.A3 _bM43 1972 |
||
| 245 | 1 | 4 |
_aThe writings of St. Paul / _cedited by Wayne A. Meeks. |
| 250 | _a1st ed. | ||
| 260 |
_aNew York : _bNorton, _cc1972. |
||
| 300 |
_axvii, 454 p. ; _c22 cm. |
||
| 490 | 0 | _aA Norton critical edition | |
| 504 | _aIncludes bibliographical references (p. 445-446) and index. | ||
| 630 | 0 | 0 |
_aBible. _pN.T. _pEpistles of Paul _xTheology. _92199 |
| 942 |
_2ddc _cBK _014 |
||